000 01719nmm a2200361 a 4500
003 CO-CtgCURN
005 20250329165431.0
007 co cga---uuuuu
008 160531s2012 i eng d
040 _aCO-CtgCURN
_bspa
_ccoctgcurn
082 0 _aENF 2012
_bR585
245 0 0 _aFactores biopsicosociales en niños de 10 a 14 años que desertan de los estudios en el barrio Olaya Herrera Sector Rafael Nuñez Cartagena de Indias 2012
_h[electronic resource] /
_cMaría del Rio Guardo ... [et al.] ; asesores, Zorayda Barrios Puerta, Anderson Díaz Pérez.
260 _aCartagena de Indias :
_bCorporación Universitaria Rafael Núñez,
_c2012.
300 _a1 CD-Rom.
336 _2rdacontent
337 _2rdamedia
_asin mediacion
_bn
338 _2rdacarrier
_avolumen
_bnc
500 _aIncluye anexos.
502 _aTrabajo de grado (Enfermera (o)). Corporación Universitaria Rafael Nuñez. Facultad de Ciencias de la Salud. Programa de Enfermeria, 2012.
504 _aIncluye bibliografia.
590 _aEnfemeria
650 0 _aEnfermeria
_vTesis y disertaciones academicas.
650 0 _aDesercion escolar
_vAspectos psicologicos.
700 1 _aRio Guardo, María del.
700 1 _aGonzález Torres, Yurielis.
700 1 _aPuerta Espitia, Vanessa.
700 1 _aVera Martínez, Yolanda.
700 1 _aBarrios Puerta, Zorayda,
_easesor.
700 1 _aDíaz Pérez, Anderson,
_easesor.
856 7 _uhttps://unicurn.sharepoint.com/:b:/s/biblioteca/ERo6iO1gbqpMpjor1KTapGsBMbMm-GKcrRTJi3Fstk7wkw?e=hs4lkE
_zClick aqui para ver el recurso en texto completo
942 _hENF 2012
_iR585
_2ddc
_cTG
999 _c3835
_d3835